Score 0/20 Timer 08:00
6 Plays Today
% Correct
'Shrek' in 'I Am Legend'
97.8%
'Titanic' in 'Love Actually'
95.6%
'Snow White and the Seven Dwarfs' in 'Gremlins'
90.5%
'Harry Potter and the Philosopher's Stone' in 'Yes Man'
88.7%
'Hello Dolly' in 'Wall-E'
70%
'The Breakfast Club' in 'Pitch Perfect'
68.9%
'Spaceballs' in 'Spaceballs'
67.4%
'Ghostbusters' in 'Zombieland'
65.7%
'Bad Boys II' in 'Hot Fuzz'
65%
'Casablanca' in 'When Harry Met Sally'
59.7%
% Correct
'Battle for the Planet of the Apes' in 'Argo'
55.9%
'Shane' in 'Logan'
54.8%
'It's A Wonderful Life' in 'Home Alone'
48.3%
'The Sound of Music' in 'Away We Go'
48.3%
'Cast Away' in 'Bridesmaids'
48.2%
'Goldfinger' in 'Catch Me If You Can'
45.9%
'Gilda' in 'The Shawshank Redemption'
35.5%
'Top Hat' in 'The Green Mile'
25.6%
'Night of the Lepus' in 'The Matrix'
18.9%
'An Affair to Remember' in 'Sleepless in Seattle'
16.8%
Remove Ads.
Support Sporcle.
Get the best of Sporcle when you Go Orange. This ad-free experience offers more features, more stats, and more fun while also helping to support Sporcle. Thank you for becoming a member.

You're not logged in!

Compare scores with friends on all Sporcle quizzes.
OR
Log In

Show Comments

Extras

Top Quizzes Today


Score Distribution

Your Account Isn't Verified!

In order to create a playlist on Sporcle, you need to verify the email address you used during registration. Go to your Sporcle Settings to finish the process.

Report this User

Report this user for behavior that violates our Community Guidelines.

Details: